Simulación por computadora de un ciclo de potencia a vapor

Salvato in:
Dettagli Bibliografici
Autore principale: Salas Campos, Federico D, 1966-
Altri autori: Coto Chinchilla, Oscar, 1956- Director del TFG
Natura: Libro
Lingua:Spanish
Pubblicazione: San José, Costa Rica 1992
Soggetti:
Tags: Aggiungi Tag
Nessun Tag, puoi essere il primo ad aggiungerne!!

MARC

LEADER 00000nam a2200000Ia 4500
003 005517
005 20231130110139.0
008 140114s1992 cr a m 000 ||spa d
040 |c cru CEDI 
090 |a TFG 2640 
100 |a Salas Campos, Federico D, 1966-  |9 1939 
245 |a Simulación por computadora de un ciclo de potencia a vapor 
260 |a San José, Costa Rica  |c 1992 
300 |a  vi, 124 hojas : ilustraciones ; 28 cm.  
500 |a Investigación de graduación (licenciatura en ingeniería mecánica)--Universidad de Costa Rica. Facultad de Ingeniería. Escuela de Ingeniería Mecánica 
501 |a Director de Investigación Dirigida de Graduación : Ing. Oscar Coto Chinchilla 
650 |x TERMODINAMICA - PROGRAMAS PARA COMPUTADORA   |x SIMULACION POR COMPUTADORA  |9 12310 
700 |a  Coto Chinchilla, Oscar, 1956-  |d Director del TFG   |9 1940 
942 |c TFG  |h TFG 2640  |i 005517  |6 TFG_2640_005517000000000 
999 |c 20039  |d 20039